| 000 | 01140nam a2200241Ia 4500 | ||
|---|---|---|---|
| 003 | Ost | ||
| 005 | 20260416102351.0 | ||
| 008 | 260416s9999||||xx |||||||||||||| ||und|| | ||
| 040 | _cfsecg | ||
| 041 | _aara | ||
| 082 | _a657 | ||
| 100 |
_aبولفول، هارون _eمؤلف |
||
| 245 | 0 |
_a المحاسبة العمومية / _c هارون بولفول |
|
| 260 |
_aالجزائر _bجامعة الجزائر3: كلية العلوم الإقتصادية، العلوم التجارية وعلوم التسيير _c2016 |
||
| 300 |
_a96 ورقة _bايضاحات _c30 سم |
||
| 504 | _aمراجع ص.93 | ||
| 520 | _aمدخل للمحاسبة العمومية والميزانية العامة للدولة، أعوان تنفيذ المحاسبة العمومية، تنفيذ الميزانية العامة للدولة والرقابة عليها. | ||
| 653 | _aالرقابة | ||
| 653 | _aالمحاسبة | ||
| 653 | _aالميزانية | ||
| 710 |
_aجامعة الجزائر3: كلية العلوم الإقتصادية، العلوم التجارية وعلوم التسيير _eناشر علمي |
||
| 942 | _cHANDOUT | ||
| 999 |
_c41006 _d41006 |
||